000
00409nam a2200133Ia 4500
008
100328s9999 xx 000 0 und d
082
_b
73413
100
_a
सानेगुरुजी.
245
_a
श्यामची आई.
260
_b
पुणे विद्यार्थीगृह.
630
_a
श्यामची आई.
730
_a
श्यामची आई.
942
_c
BOOK
999
_c
559134
_d
559131